|
|
|
|
| LEADER |
00000naa2a2200000 4500 |
| 001 |
459325 |
| 005 |
20231101085135.0 |
| 035 |
|
|
|a (RuTPU)RU\TPU\prd\123100
|
| 035 |
|
|
|a RU\TPU\prd\14805
|
| 090 |
|
|
|a 459325
|
| 100 |
|
|
|a 20111020a2003 k y0rusy50 ca
|
| 101 |
0 |
|
|a rus
|
| 102 |
|
|
|a RU
|
| 200 |
1 |
|
|a Десять требований к организации эффективного управления процессом
|f Т. А. Литтл
|
| 225 |
1 |
|
|a Качество: национальная программа
|
| 461 |
|
1 |
|0 (RuTPU)RU\TPU\prd\992
|x 0038-9692
|t Стандарты и качество
|o научно-технический журнал
|f Российская Федерация, Государственный комитет по стандартизации и метрологии (Госстандарт России)
|d 1980-
|
| 463 |
|
1 |
|0 (RuTPU)RU\TPU\prd\123077
|t № 4
|v С. 89-92
|d 2003
|
| 610 |
1 |
|
|a организация
|
| 610 |
1 |
|
|a эффективность
|
| 610 |
1 |
|
|a управление процессом
|
| 610 |
1 |
|
|a магнитные головки
|
| 610 |
1 |
|
|a компьютеры
|
| 700 |
|
1 |
|a Литтл
|b Т. А.
|g Тома А.
|
| 801 |
|
1 |
|a RU
|b 63413507
|c 20030605
|g PSBO
|
| 801 |
|
2 |
|a RU
|b 63413507
|c 20111020
|g RCR
|
| 942 |
|
|
|c BK
|